Panama provinces - Statistics

General Stats
  • This quiz has been taken 61 times
  • The average score is 9 of 14
Answer Stats
Answer % Correct
Panama
94%
Bocas del Toro
81%
Darien
81%
Colon
77%
Chiriqui
74%
Herrera
74%
Cocle
71%
Los Santos
68%
Panama Oeste
65%
Guna Yala
58%
Ngabe Bugle
58%
Embera Wounaan
42%
Naso Tjer Di
39%
Veragrus
6%
No matching quizzes found
Score Distribution
Percent of People with Each Score
Percentile by Number Answered
Your Score History
You have not taken this quiz